000 00361nam a2200145 a 4500
005 20140317092457.0
008 140317b1936 ||||| |||| 00| 0 fre d
041 _afre
090 _aLB
_b04137
245 _aPrecis de parasitologie II
260 _as.l.
_bImprimerie Durand, Rue Fulbert
_c1936
300 _a2139 p.
942 _cImpreso
_2z
945 _d2005-06-23
999 _c4602
_d4602